000
00275nam a22001217a 4500
008
170925b xxu||||| |||| 00| 0 eng d
041
_a
eng
080
_a
37
100
_a
46
101
_a
EDU
245
_a
CAREER COUNSELING OF COLLEGE STUDENTS
_c
LUZZO,D.A
942
_2
udc
_c
BK
999
_c
29571
_d
29571